[Event "Festival de Montpellier - Masters"]
[Site "MONTPELLIER"]
[Date "2003.??.??"]
[Round "1.1"]
[White "Maes, Wim"]
[Black "Nevednichy, Vladislav"]
[Result "0-1"]
[WhiteElo "2294"]
[BlackElo "2593"]
[PlyCount "64"]
[EventDate "2003.??.??"]

1. e4 c5 2. Nf3 d6 3. d4 cxd4 4. Nxd4 Nf6 5. Nc3 Nc6 6. f3 e6 7. Be3 a6 8. Qd2
h5 9. O-O-O Bd7 10. Qf2 Be7 11. Nb3 b5 12. h3 Rb8 13. Kb1 h4 14. Bd3 Ne5 15.
Rhe1 a5 16. f4 Nxd3 17. cxd3 a4 18. Nd4 b4 19. Nce2 Qa5 20. Rc1 Qa6 21. Red1
Rc8 22. f5 e5 23. Nf3 Rxc1+ 24. Nxc1 Bc6 25. Ka1 Bb5 26. Bg5 O-O 27. Qxh4 Rc8
28. g4 a3 29. b3 Qc6 30. Qe1 Nxe4 31. dxe4 Bxg5 32. Nxg5 Qc2 0-1

[Event "Festival de Montpellier - Masters"]
[Site "MONTPELLIER"]
[Date "2003.??.??"]
[Round "1.3"]
[White "Gerard, Nicolas"]
[Black "Hebden, Mark"]
[Result "0-1"]
[WhiteElo "2285"]
[BlackElo "2544"]
[PlyCount "82"]
[EventDate "2003.??.??"]

1. d4 Nf6 2. c4 g6 3. Nc3 Bg7 4. e4 d6 5. f4 O-O 6. Nf3 Na6 7. Bd3 e5 8. fxe5
dxe5 9. d5 Nh5 10. O-O Qe7 11. Re1 Bg4 12. h3 Bxf3 13. Qxf3 Bf6 14. g3 Bg5 15.
d6 cxd6 16. Nd5 Qd8 17. Bxg5 Qxg5 18. Kh2 Nc5 19. Qe3 Qxg3+ 20. Qxg3 Nxg3 21.
Rad1 Nh5 22. Be2 Nf4 23. Nxf4 exf4 24. Rxd6 Nxe4 25. Rd4 Rae8 26. Bf1 Ng3 27.
Rxe8 Rxe8 28. Bd3 Re3 29. c5 Kf8 30. Rd7 Re7 31. Rd8+ Kg7 32. b4 Nh5 33. Kg2
Nf6 34. Kf2 g5 35. Be2 h5 36. Ra8 Ne4+ 37. Kf3 Nc3 38. Bf1 Re1 39. Bg2 Nd1 40.
Bf1 Rxf1+ 41. Ke2 Rh1 0-1

[Event "Festival de Montpellier - Masters"]
[Site "MONTPELLIER"]
[Date "2003.??.??"]
[Round "1.4"]
[White "Degraeve, Jean-Marc"]
[Black "Carlhammar, Magnus"]
[Result "1/2-1/2"]
[WhiteElo "2541"]
[BlackElo "2279"]
[PlyCount "173"]
[EventDate "2003.??.??"]

1. e4 c5 2. Nf3 d6 3. Bb5+ Nd7 4. d4 Ngf6 5. Nc3 cxd4 6. Qxd4 e5 7. Qd3 h6 8.
Be3 Be7 9. Bc4 a6 10. a4 Qc7 11. O-O Nc5 12. Bxc5 Qxc5 13. Nd5 Nxd5 14. Bxd5
Rb8 15. a5 Be6 16. Bxe6 fxe6 17. Nd2 O-O 18. Nc4 Rbd8 19. Qb3 Qb5 20. Qa2 Rfe8
21. Rad1 Qc6 22. Rfe1 Kh8 23. c3 Bf6 24. Nb6 Rb8 25. Qc4 Bd8 26. Qxc6 bxc6 27.
Rxd6 Bxb6 28. axb6 Rxb6 29. b4 Kg8 30. Ra1 Kf7 31. Rd7+ Kf6 32. Ra5 Rc8 33. h4
c5 34. bxc5 Rbc6 35. Kh2 Rb8 36. Ra7 Rb3 37. R7xa6 Rxa6 38. Rxa6 Rxc3 39. Rc6
g5 40. hxg5+ hxg5 41. Rc8 Rc4 42. c6 Ke7 43. c7 Kd6 44. Rg8 Rxc7 45. Rxg5 Rh7+
46. Kg3 Rf7 47. f3 Rh7 48. Kf2 Rf7 49. g4 Rh7 50. Rh5 Rf7 51. Kg3 Rg7 52. g5
Ke7 53. Kg4 Rf7 54. g6 Rf4+ 55. Kg3 Rf6 56. Rg5 Kf8 57. g7+ Kg8 58. Kf2 Rh6 59.
Ke3 Rf6 60. Rg3 Rh6 61. f4 Rh7 62. fxe5 Rh1 63. Kd4 Rd1+ 64. Kc5 Rd2 65. Rg6
Rd1 66. Rxe6 Kxg7 67. Rd6 Ra1 68. Kd5 Kf7 69. Rd7+ Ke8 70. Ke6 Ra6+ 71. Rd6 Ra7
72. Rb6 Re7+ 73. Kf5 Rf7+ 74. Rf6 Rh7 75. Re6+ Kf7 76. Rg6 Rh5+ 77. Rg5 Rh1 78.
e6+ Ke7 79. Rg7+ Ke8 80. Rg5 Ke7 81. Ke5 Ra1 82. Rg7+ Ke8 83. Rb7 Ra2 84. Rc7
Ra1 85. Rc5 Ke7 86. Rd5 Rb1 87. Rd7+ 1/2-1/2

[Event "Festival de Montpellier - Masters"]
[Site "MONTPELLIER"]
[Date "2003.??.??"]
[Round "1.5"]
[White "Beudaert, Xavier"]
[Black "Flear, Glenn C"]
[Result "0-1"]
[WhiteElo "2272"]
[BlackElo "2527"]
[PlyCount "68"]
[EventDate "2003.??.??"]

1. e4 e5 2. Nf3 Nc6 3. Bb5 a6 4. Ba4 Nf6 5. Qe2 b5 6. Bb3 Be7 7. c3 O-O 8. O-O
d6 9. h3 Na5 10. Bc2 c5 11. Rd1 Qc7 12. d3 Re8 13. Nbd2 Bb7 14. Nf1 Rad8 15.
Ng3 d5 16. Nh2 c4 17. Bg5 cxd3 18. Bxd3 Nxe4 19. Bxe7 Nxg3 20. Bxh7+ Kxh7 21.
Qd3+ Ne4 22. Bxd8 Rxd8 23. f3 Nc4 24. fxe4 Nxb2 25. Qg3 Nxd1 26. Rxd1 f6 27.
Qg4 dxe4 28. Qh5+ Kg8 29. Rf1 Qf7 30. Qh4 Qg6 31. Ng4 Rd2 32. Qg3 Rd3 33. Qf2
e3 34. Qc2 Rd2 0-1

[Event "Festival de Montpellier - Masters"]
[Site "MONTPELLIER"]
[Date "2003.??.??"]
[Round "1.6"]
[White "Kosten, Anthony C"]
[Black "Van Elst, Andreas"]
[Result "1-0"]
[WhiteElo "2514"]
[BlackElo "2271"]
[PlyCount "93"]
[EventDate "2003.??.??"]

1. c4 g6 2. Nc3 Bg7 3. g3 e5 4. Bg2 Ne7 5. b4 O-O 6. Bb2 c6 7. Qb3 d6 8. e3 Be6
9. Nge2 Nd7 10. d3 b5 11. Ne4 bxc4 12. dxc4 Nb6 13. Nd2 d5 14. c5 d4 15. Qa3
dxe3 16. fxe3 Qxd2+ 17. Kxd2 Nc4+ 18. Kc2 Nxa3+ 19. Bxa3 Nd5 20. Bxd5 Bxd5 21.
Rhd1 Be4+ 22. Kb3 Bd5+ 23. Rxd5 cxd5 24. Rd1 Rfd8 25. b5 Rac8 26. Bb4 f5 27. c6
Kf7 28. a4 Ke6 29. Bc5 Rc7 30. Nc3 d4 31. exd4 exd4 32. Ne2 g5 33. Nxd4+ Bxd4
34. Bxd4 f4 35. gxf4 gxf4 36. Kc4 Kf5 37. Rf1 Re7 38. a5 Re4 39. Rd1 f3 40. c7
Rc8 41. b6 axb6 42. axb6 Re7 43. Kd3 Rcxc7 44. bxc7 Rxc7 45. Ke3 Rc2 46. Rh1
Rc4 47. Rf1 1-0

[Event "Festival de Montpellier - Masters"]
[Site "MONTPELLIER"]
[Date "2003.??.??"]
[Round "1.7"]
[White "Meinsohn, Francis"]
[Black "Miezis, Normunds"]
[Result "0-1"]
[WhiteElo "2260"]
[BlackElo "2508"]
[PlyCount "76"]
[EventDate "2003.??.??"]

1. b4 b6 2. Nf3 Bb7 3. e3 Nf6 4. c4 e6 5. Qb3 Be7 6. Be2 O-O 7. d3 a5 8. b5 d5
9. Nbd2 Nbd7 10. O-O Re8 11. Rb1 Bd6 12. Ba3 e5 13. cxd5 Bxd5 14. Nc4 Bxc4 15.
dxc4 Bxa3 16. Qxa3 Nc5 17. Rfd1 Qe7 18. Rd2 Nfe4 19. Rd5 Nxf2 20. Nxe5 Nfe4 21.
Bh5 g6 22. Bf3 Ng5 23. Rf1 f5 24. Rfd1 Rac8 25. Kf1 Qf8 26. h4 Nxf3 27. gxf3
Qf6 28. Nd7 Nxd7 29. Rxd7 Qxh4 30. Qc3 Re7 31. Rd8+ Rxd8 32. Rxd8+ Kf7 33. Qh8
Qh1+ 34. Kf2 Qh6 35. Qg8+ Kf6 36. Rf8+ Kg5 37. f4+ Kg4 38. Qd5 Qh2+ 0-1

[Event "Festival de Montpellier - Masters"]
[Site "MONTPELLIER"]
[Date "2003.??.??"]
[Round "1.8"]
[White "Marcelin, Cyril"]
[Black "Montheard, Xavier"]
[Result "1-0"]
[WhiteElo "2503"]
[BlackElo "2255"]
[PlyCount "71"]
[EventDate "2003.??.??"]

1. d4 Nf6 2. c4 c5 3. d5 e6 4. Nc3 exd5 5. cxd5 d6 6. Nf3 g6 7. Bf4 a6 8. a4
Qe7 9. Nd2 Nh5 10. Be3 f5 11. Nc4 f4 12. Bd2 Nd7 13. g4 fxg3 14. hxg3 Ne5 15.
Nxe5 Qxe5 16. Rh4 Be7 17. Re4 Qf6 18. Bg2 O-O 19. Bf3 Bf5 20. g4 Bxe4 21. Nxe4
Qh4 22. gxh5 g5 23. Qb3 g4 24. Bg2 Qxh5 25. Qxb7 Qf7 26. O-O-O Qg7 27. Qd7 Rf7
28. Qe6 Rb8 29. Bc3 Qg6 30. Qxg6+ hxg6 31. e3 Rh7 32. Bf1 Rh4 33. Bxa6 g3 34.
Nxg3 Rxa4 35. Bd3 Kf7 36. f4 1-0

[Event "Festival de Montpellier - Masters"]
[Site "MONTPELLIER"]
[Date "2003.??.??"]
[Round "1.9"]
[White "Cousigne, Frederic"]
[Black "Dumitrache, Dragos"]
[Result "0-1"]
[WhiteElo "2254"]
[BlackElo "2492"]
[PlyCount "80"]
[EventDate "2003.??.??"]

1. d4 Nf6 2. c4 e6 3. g3 c5 4. Nf3 cxd4 5. Nxd4 Qb6 6. Bg2 Bc5 7. e3 Nc6 8. Nb3
Be7 9. O-O Qa6 10. Na3 Bxa3 11. bxa3 Qxc4 12. Qd6 Ne4 13. Qf4 d5 14. Bb2 O-O
15. Rac1 Qe2 16. Bxg7 Kxg7 17. Bxe4 f6 18. Rc2 Qa6 19. Bg2 Qxa3 20. e4 e5 21.
Qh4 d4 22. f4 Qe7 23. Nc5 Nb4 24. fxe5 Qxe5 25. Rc4 b6 26. Nb3 a5 27. Nxd4 Ra7
28. a3 Ba6 29. Rf5 Qe8 30. Rc3 Nd3 31. Rc6 Raf7 32. Rh5 Kh8 33. Rxf6 Qc8 34.
Rc6 Qd7 35. e5 Nf4 36. Rd6 Qa4 37. Bf3 Nxh5 38. Qxh5 Qxa3 39. Qh6 Qa1+ 40. Kf2
Qf1+ 0-1

[Event "Festival de Montpellier - Masters"]
[Site "MONTPELLIER"]
[Date "2003.??.??"]
[Round "1.10"]
[White "Chernuschevich, Alexei"]
[Black "Brunner, Nicolas"]
[Result "1-0"]
[WhiteElo "2489"]
[BlackElo "2253"]
[PlyCount "81"]
[EventDate "2003.??.??"]

1. d4 Nf6 2. c4 c5 3. Nf3 cxd4 4. Nxd4 Nc6 5. Nc3 g6 6. e4 d6 7. Be2 Nxd4 8.
Qxd4 Bg7 9. Bg5 O-O 10. Qd2 Be6 11. Rc1 a6 12. O-O Qa5 13. Rfd1 Rfd8 14. Bxf6
Bxf6 15. Nd5 Qxd2 16. Nxf6+ exf6 17. Rxd2 Kf8 18. Bd3 Rac8 19. Rc3 Rc7 20. f4
Bd7 21. Kf2 Bc6 22. Bc2 Re7 23. Re3 Ke8 24. b4 b6 25. Rd4 Rc7 26. Bb3 Re7 27.
g4 Kd7 28. e5 fxe5 29. fxe5 Re6 30. c5 d5 31. cxb6 Kc8 32. a4 Rde8 33. Rf4 R8e7
34. a5 Kb8 35. Rf6 Bb7 36. Re1 Rxe5 37. Rxe5 Rxe5 38. Rxf7 d4 39. Rd7 Re3 40.
Rd8+ Bc8 41. Bd5 1-0

[Event "Festival de Montpellier - Masters"]
[Site "MONTPELLIER"]
[Date "2003.??.??"]
[Round "1.12"]
[White "Miralles, Gilles"]
[Black "Calzetta, Monica"]
[Result "1-0"]
[WhiteElo "2463"]
[BlackElo "2242"]
[PlyCount "69"]
[EventDate "2003.??.??"]

1. e4 c5 2. Nf3 d6 3. c3 Nf6 4. Be2 Nc6 5. d4 cxd4 6. cxd4 Nxe4 7. d5 Qa5+ 8.
Nc3 Nxc3 9. bxc3 Ne5 10. Nxe5 dxe5 11. Rb1 a6 12. O-O e6 13. Bf3 exd5 14. Bxd5
Bc5 15. Bxf7+ Kxf7 16. Qd5+ Kg6 17. Be3 Bb4 18. Qf3 Be7 19. Rb6+ Bf6 20. g4 h6
21. Qe4+ Kf7 22. Qc4+ Kg6 23. Rd1 Rf8 24. a4 Kh7 25. Rd5 Qxb6 26. Bxb6 Be6 27.
Qe4+ Kh8 28. Rd6 Bg8 29. Qxb7 Rab8 30. Qxa6 Bh4 31. a5 Rf4 32. Qe2 Bc4 33. Qxe5
Rxg4+ 34. Kh1 Kg8 35. Rd4 1-0

[Event "Festival de Montpellier - Masters"]
[Site "MONTPELLIER"]
[Date "2003.??.??"]
[Round "1.14"]
[White "Bricard, Emmanuel"]
[Black "Syska, Albert"]
[Result "1-0"]
[WhiteElo "2456"]
[BlackElo "2236"]
[PlyCount "67"]
[EventDate "2003.??.??"]

1. d4 Nf6 2. c4 c5 3. d5 e5 4. Nc3 d6 5. e4 Be7 6. Be2 h5 7. h4 Nbd7 8. Nh3 Nf8
9. g3 a6 10. a3 Ng4 11. f3 Nh6 12. Be3 f5 13. Nf2 f4 14. gxf4 exf4 15. Bxf4 Ng6
16. Qd2 Bxh4 17. Be3 Nf7 18. O-O-O Bxf2 19. Bxf2 Qf6 20. Bg3 h4 21. Bh2 Nge5
22. f4 Ng4 23. e5 dxe5 24. Bxg4 Bxg4 25. fxe5 Qh6 26. Rdf1 Qxd2+ 27. Kxd2 Nh6
28. Rhg1 O-O-O 29. Rf4 Rdf8 30. Ne4 Rxf4 31. Bxf4 Bf3 32. Nd6+ Kb8 33. e6 Ka8
34. Rxg7 1-0

[Event "Festival de Montpellier - Masters"]
[Site "MONTPELLIER"]
[Date "2003.??.??"]
[Round "1.15"]
[White "Meynard, Thibault"]
[Black "Gladyszev, Oleg"]
[Result "0-1"]
[WhiteElo "2231"]
[BlackElo "2455"]
[PlyCount "104"]
[EventDate "2003.??.??"]

1. d4 Nf6 2. c4 g6 3. Nc3 Bg7 4. g3 O-O 5. Bg2 d6 6. Nf3 Nbd7 7. O-O c6 8. e4
e5 9. b3 Re8 10. Bb2 exd4 11. Nxd4 Nc5 12. Qc2 a5 13. Rad1 Qb6 14. Nde2 a4 15.
Nc1 Bg4 16. Rd2 a3 17. Ba1 Nfxe4 18. Bxe4 Nxe4 19. Nxe4 Bxa1 20. Nxd6 Re7 21.
c5 Qc7 22. Nd3 Bg7 23. Kg2 Bh6 24. f4 Qd7 25. Nf2 Be6 26. h3 Bd5+ 27. Kh2 f5
28. Nc4 Qe6 29. Nb6 Rd8 30. Rfd1 Bg7 31. Nxd5 Rxd5 32. Rxd5 cxd5 33. Qd3 d4 34.
Rc1 Qd5 35. Rc2 Re3 36. Qf1 Rc3 37. Qe2 Re3 38. Qf1 d3 39. Rd2 Qf3 40. Qg2
Qxg2+ 41. Kxg2 Kf8 42. b4 Re2 43. Rxd3 Rxa2 44. b5 Rxf2+ 45. Kxf2 a2 46. Rd1
a1=Q 47. Rxa1 Bxa1 48. c6 bxc6 49. bxc6 Ke7 50. g4 Kd6 51. Kg3 Kxc6 52. Kh4
Bf6+ 0-1

[Event "Festival de Montpellier - Masters"]
[Site "MONTPELLIER"]
[Date "2003.??.??"]
[Round "1.17"]
[White "Dussol, Pierre"]
[Black "Gozzoli, Yannick"]
[Result "1-0"]
[WhiteElo "2222"]
[BlackElo "2445"]
[PlyCount "101"]
[EventDate "2003.??.??"]

1. e4 Nf6 2. e5 Nd5 3. d4 d6 4. c4 Nb6 5. exd6 cxd6 6. Nc3 g6 7. Bg5 Bg7 8. Rc1
Nc6 9. d5 Nd4 10. Nge2 Bg4 11. h3 Bxe2 12. Bxe2 Rc8 13. b3 Nxe2 14. Nxe2 Nd7
15. Qd2 Nf6 16. Nc3 Qa5 17. O-O O-O 18. Rfe1 Rfe8 19. Rc2 a6 20. Ne4 Qxd2 21.
Rxd2 Nd7 22. Rde2 Kf8 23. Ng3 f6 24. Bf4 Nc5 25. Rxe7 Red8 26. Bd2 f5 27. Ba5
Rd7 28. Rxd7 Nxd7 29. Re6 Be5 30. Bb4 Nc5 31. Bxc5 Rxc5 32. Ne2 g5 33. Nc1 Ra5
34. Nd3 Bd4 35. a4 b5 36. Rxd6 bxa4 37. bxa4 Rxa4 38. c5 Ra3 39. c6 Rc3 40.
Rd8+ Ke7 41. Rd7+ Ke8 42. Nb4 a5 43. Na6 Rc1+ 44. Kh2 Bxf2 45. Nc7+ Kf8 46.
Ne6+ Ke8 47. Ng7+ Kf8 48. Nxf5 Bb6 49. Rb7 Bg1+ 50. Kg3 h5 51. Kf3 1-0

[Event "Festival de Montpellier - Masters"]
[Site "MONTPELLIER"]
[Date "2003.??.??"]
[Round "1.18"]
[White "Collas, Didier"]
[Black "De La Torre, Igor"]
[Result "1-0"]
[WhiteElo "2437"]
[BlackElo "2208"]
[PlyCount "103"]
[EventDate "2003.??.??"]

1. Nf3 Nf6 2. c4 g6 3. Nc3 Bg7 4. e4 d6 5. d4 O-O 6. Be2 Nbd7 7. Be3 c6 8. O-O
e5 9. d5 c5 10. Bg5 h6 11. Bh4 a6 12. a3 Qe8 13. Bxf6 Nxf6 14. b4 b6 15. Nd2
Qd8 16. Rb1 Bd7 17. Qb3 Rb8 18. Rb2 Ne8 19. Rfb1 f5 20. Qd1 Bf6 21. bxc5 dxc5
22. Na4 Bxa4 23. Qxa4 Bg5 24. Nf3 fxe4 25. Nxe5 Qf6 26. Ng4 Qf5 27. h4 h5 28.
Qd1 Bf4 29. g3 hxg4 30. Bxg4 Qf6 31. Be6+ Kh8 32. gxf4 Qxf4 33. Qg4 Qxg4+ 34.
Bxg4 Rf6 35. Be6 Nd6 36. Rxb6 Rxb6 37. Rxb6 Nxc4 38. Rxa6 Rf8 39. d6 Ne5 40. d7
Rd8 41. Kg2 Kg7 42. Kg3 Nd3 43. Rc6 Kf8 44. Rc8 Ke7 45. a4 Rxd7 46. Bxd7 Kxd7
47. Rg8 c4 48. Rg7+ Kc6 49. Rxg6+ Kc5 50. Rg8 Kb4 51. Rb8+ Kxa4 52. h5 1-0

[Event "Festival de Montpellier - Masters"]
[Site "MONTPELLIER"]
[Date "2003.??.??"]
[Round "1.20"]
[White "Bronznik, Valerij"]
[Black "Fantin, Ludwig"]
[Result "1/2-1/2"]
[WhiteElo "2418"]
[BlackElo "2207"]
[PlyCount "63"]
[EventDate "2003.??.??"]

1. d4 d5 2. c4 c6 3. cxd5 cxd5 4. Bf4 Nc6 5. e3 Nf6 6. Bd3 a6 7. Nc3 e6 8. Rc1
Bd6 9. Bg5 h6 10. Bh4 Be7 11. Nf3 Nh5 12. Bxe7 Qxe7 13. O-O Nf6 14. a3 Bd7 15.
Na4 O-O 16. Nc5 Rfb8 17. b4 Nd8 18. a4 b5 19. Ne5 Be8 20. Qe2 Nd7 21. Ncxd7
Bxd7 22. Rc7 Rb7 23. Rxb7 Nxb7 24. axb5 Bxb5 25. Bxb5 axb5 26. Qxb5 Nd6 27. Qe2
Qb7 28. Rb1 Ra4 29. Re1 Qb5 30. h3 Ra1 31. Qf1 Qxf1+ 32. Rxf1 {
suite illisible - nulle au 45eme coup).} 1/2-1/2

[Event "Festival de Montpellier - Masters"]
[Site "MONTPELLIER"]
[Date "2003.??.??"]
[Round "1.22"]
[White "Aaberg, Anton"]
[Black "Guerin, Gilles"]
[Result "0-1"]
[WhiteElo "2404"]
[BlackElo "2191"]
[PlyCount "80"]
[EventDate "2003.??.??"]

1. d4 Nf6 2. c4 d6 3. Nf3 Nbd7 4. Nc3 e5 5. g3 c6 6. Bg2 Be7 7. O-O O-O 8. e4
Re8 9. h3 Bf8 10. Qc2 a6 11. Rd1 b5 12. c5 Qc7 13. cxd6 Bxd6 14. dxe5 Nxe5 15.
Nxe5 Bxe5 16. f4 Bxc3 17. bxc3 Be6 18. e5 Nd7 19. Be4 h6 20. Kh2 Nb6 21. Be3
Rad8 22. Bc5 Bd5 23. Bh7+ Kh8 24. Bf5 Na4 25. Bd6 Qb7 26. Re1 c5 27. Rac1 g6
28. Bg4 h5 29. Be2 c4 30. Bf1 Qa7 31. Qd2 Ba8 32. Bg2 Bxg2 33. Kxg2 Nc5 34. f5
Kh7 35. fxg6+ fxg6 36. Rf1 Rxe5 37. Rce1 Rxe1 38. Rxe1 Qd7 39. Re5 Qc6+ 40. Kh2
Qxd6 0-1

[Event "Festival de Montpellier - Masters"]
[Site "MONTPELLIER"]
[Date "2003.??.??"]
[Round "1.35"]
[White "Ricbour, Jeremy"]
[Black "Sarthou, Gaetan"]
[Result "1-0"]
[WhiteElo "2098"]
[BlackElo "2367"]
[PlyCount "80"]
[EventDate "2003.??.??"]

1. e4 b6 2. d4 Bb7 3. Bd3 Nf6 4. Nc3 e6 5. Nge2 c5 6. Bg5 Nc6 7. d5 Na5 8. Ng1
c4 9. Be2 Bb4 10. Bf3 h6 11. Be3 g5 12. h3 Qe7 13. Nge2 Bc5 14. Bxc5 Qxc5 15.
Qd4 Qxd4 16. Nxd4 a6 17. O-O-O e5 18. Nf5 Kd8 19. Rhe1 Ne8 20. d6 b5 21. Rd2
Bc6 22. Red1 Rh7 23. Nd5 Bxd5 24. Rxd5 Nc6 25. Ne7 Nd4 26. Rxe5 f6 27. Rd5 Nxf3
28. gxf3 Ng7 29. Ng8 Ne6 30. Rf5 Kc8 31. Nxf6 Rf7 32. Ng4 Rxf5 33. exf5 Nf4 34.
Ne5 h5 35. f6 h4 36. f7 Ne6 37. Re1 Nf8 38. Ng4 Kb7 39. Re8 Ne6 40. Nf6 Nf8 1-0

[Event "Festival de Montpellier - Masters"]
[Site "MONTPELLIER"]
[Date "2003.??.??"]
[Round "2.1"]
[White "Nevednichy, Vladislav"]
[Black "Bratanov, Zsivko"]
[Result "1-0"]
[WhiteElo "2593"]
[BlackElo "2396"]
[PlyCount "99"]
[EventDate "2003.??.??"]

1. c4 c5 2. Nc3 Nc6 3. g3 g6 4. Bg2 Bg7 5. e4 d6 6. Nge2 h5 7. h4 Rb8 8. d3 a6
9. a4 e6 10. Rb1 Nge7 11. O-O O-O 12. Be3 e5 13. Qd2 Bg4 14. f3 Bd7 15. b3 Kh7
16. Kh2 Qa5 17. Bh3 Bxh3 18. Kxh3 Qd8 19. Kg2 Qd7 20. Nd5 b5 21. axb5 axb5 22.
Nxe7 Qxe7 23. Nc3 bxc4 24. bxc4 Qd7 25. Rb5 Nb4 26. Ra1 Ra8 27. Rba5 Rxa5 28.
Rxa5 Rb8 29. Nb5 Nc6 30. Ra6 Bf8 31. Ra1 Kg8 32. Kh2 Rb7 33. Rg1 Qd8 34. Kh3
Qf6 35. Qe2 Qe7 36. Ra1 Kh7 37. Ra6 Nb4 38. Ra8 Nc6 39. Kg2 Qe6 40. Qa2 Nb4 41.
Qd2 Nc6 42. Nc3 Nb4 43. Qd1 Kg7 44. Bc1 Qd7 45. Qd2 g5 46. hxg5 Ra7 47. g6 fxg6
48. Qh6+ Kf7 49. Qh7+ Kf6 50. Rxf8+ 1-0

[Event "Festival de Montpellier - Masters"]
[Site "MONTPELLIER"]
[Date "2003.??.??"]
[Round "2.2"]
[White "Karpatchev, Aleksandr"]
[Black "Bauer, Christian"]
[Result "1/2-1/2"]
[WhiteElo "2397"]
[BlackElo "2589"]
[PlyCount "86"]
[EventDate "2003.??.??"]

1. e4 c5 2. c3 e6 3. d4 d5 4. e5 Nc6 5. Nf3 Qb6 6. Be2 Nh6 7. Bxh6 gxh6 8. Qd2
Bg7 9. O-O O-O 10. Na3 cxd4 11. cxd4 Bd7 12. Nc2 f6 13. exf6 Rxf6 14. b4 Raf8
15. b5 Ne7 16. Ne5 Be8 17. g3 Kh8 18. a4 h5 19. f4 Nf5 20. a5 Qd8 21. Ne3 Nd6
22. Qb4 Rg8 23. Kh1 Bf8 24. Qb2 Bg6 25. Nxg6+ hxg6 26. b6 axb6 27. axb6 Nf5 28.
Nc2 g5 29. fxg5 Rxg5 30. Qc3 Bd6 31. Rf3 h4 32. g4 Rxg4 33. Ne3 Rg8 34. Raf1
Qxb6 35. Nxf5 exf5 36. Rh3 Rh6 37. Rxf5 Qb1+ 38. Rf1 Qg6 39. Qf3 Qg5 40. Bd3
Qg4 41. Qxg4 Rxg4 42. Rb1 Rxd4 43. Rxb7 Re6 1/2-1/2

[Event "Festival de Montpellier - Masters"]
[Site "MONTPELLIER"]
[Date "2003.??.??"]
[Round "2.3"]
[White "Hebden, Mark"]
[Black "Boudre, Jean-Pierre"]
[Result "1-0"]
[WhiteElo "2544"]
[BlackElo "2392"]
[PlyCount "85"]
[EventDate "2003.??.??"]

1. d4 Nf6 2. Nf3 d5 3. c4 e6 4. Bg5 dxc4 5. Nc3 a6 6. e4 h6 7. Bxf6 Qxf6 8.
Bxc4 b5 9. Bd3 Bb7 10. O-O Nd7 11. Rc1 Qd8 12. Qe2 Be7 13. Rfd1 O-O 14. e5 Nb6
15. Bb1 Nd5 16. Ne4 Rc8 17. Nc5 Bxc5 18. dxc5 c6 19. Qe4 g6 20. Rd3 Rc7 21. h4
Bc8 22. Rd2 Kh8 23. Rd4 Rg8 24. Qe1 Rd7 25. Nd2 Qe7 26. g3 f5 27. exf6 Qxf6 28.
Re4 Rf7 29. Re2 e5 30. Rxe5 Rgf8 31. f3 Kg7 32. Qe2 Bf5 33. Rf1 Qd8 34. Ne4 Bh3
35. Rf2 Bf5 36. Qe1 Re7 37. Nc3 Bxb1 38. Nxd5 Rxe5 39. Qxe5+ Kh7 40. Ne7 Re8
41. Re2 Rf8 42. Qd6 Qe8 43. Nf5 1-0

[Event "Festival de Montpellier - Masters"]
[Site "MONTPELLIER"]
[Date "2003.??.??"]
[Round "2.5"]
[White "Santo-Roman, Marc"]
[Black "Kosten, Anthony C"]
[Result "1/2-1/2"]
[WhiteElo "2381"]
[BlackElo "2514"]
[PlyCount "81"]
[EventDate "2003.??.??"]

1. e4 e6 2. d4 d5 3. Nc3 Nf6 4. e5 Nfd7 5. f4 c5 6. Nf3 a6 7. Be3 Qb6 8. Na4
Qa5+ 9. c3 cxd4 10. b4 Qc7 11. Qxd4 Nc6 12. Qd2 b5 13. Nb2 f6 14. a4 bxa4 15.
Nxa4 fxe5 16. Ng5 Qd6 17. fxe5 Ncxe5 18. Be2 h6 19. Nh3 Nc4 20. Bxc4 dxc4 21.
Qe2 Qe5 22. Nf4 Bxb4 23. Rc1 Ba3 24. Ng6 Qf5 25. Nxh8 Ne5 26. Rd1 Nd3+ 27. Rxd3
cxd3 28. Qf2 Bb7 29. O-O Qxf2+ 30. Rxf2 Bc6 31. Nc5 O-O-O 32. Nxe6 Rxh8 33. Ra2
Re8 34. Rxa3 Rxe6 35. Rxa6 Rg6 36. g3 Rf6 37. Ra2 g5 38. Rf2 Bf3 39. Kf1 g4 40.
Ke1 Ra6 41. Kd2 1/2-1/2

[Event "Festival de Montpellier - Masters"]
[Site "MONTPELLIER"]
[Date "2003.??.??"]
[Round "2.6"]
[White "Miezis, Normunds"]
[Black "Nezar, Mustapha"]
[Result "1-0"]
[WhiteElo "2508"]
[BlackElo "2379"]
[PlyCount "139"]
[EventDate "2003.??.??"]

1. c4 Nf6 2. Nc3 e5 3. g3 d5 4. cxd5 Nxd5 5. Bg2 Nb6 6. Nf3 Nc6 7. Rb1 Be7 8.
b4 a6 9. a3 O-O 10. O-O Be6 11. d3 f6 12. Ne4 Ba2 13. Rb2 Bd5 14. Nc5 Rb8 15.
e4 Bf7 16. Be3 Bd6 17. Qc2 Qe8 18. Rc1 Nd8 19. Nh4 Nc8 20. Nf5 Ne7 21. Qd2 Be6
22. Nh4 Bc8 23. d4 b6 24. Nd3 a5 25. dxe5 fxe5 26. bxa5 Bxa3 27. Nxe5 Ne6 28.
axb6 cxb6 29. f4 b5 30. f5 Nd8 31. Rc7 Bxb2 32. Qxb2 Rb7 33. Rc5 Bd7 34. Qb3+
Kh8 35. Bg5 Nec6 36. Neg6+ hxg6 37. Nxg6+ Kh7 38. Qd1 Nf7 39. Qh5+ Nh6 40.
Nxf8+ Qxf8 41. Qg6+ Kg8 42. Rxc6 Bxc6 43. Qxc6 Ra7 44. Bxh6 Ra1+ 45. Bf1 gxh6
46. Qxb5 Qd6 47. Kg2 Re1 48. Bc4+ Kf8 49. Bd5 Rd1 50. Kh3 Rd2 51. Qb7 Ke8 52.
Qc8+ Ke7 53. Qc3 Rf2 54. Qd4 Re2 55. Qd3 Rf2 56. Qe3 Rb2 57. Qa7+ Kd8 58. Qa1
Re2 59. Bc4 Rc2 60. Qa5+ Qc7 61. Qd5+ Qd7 62. Qa8+ Ke7 63. Bb3 Re2 64. Qa3+ Qd6
65. f6+ Kd7 66. Qa4+ Qc6 67. Be6+ Kc7 68. Qxc6+ Kxc6 69. f7 Rf2 70. Bf5 1-0

[Event "Festival de Montpellier - Masters"]
[Site "MONTPELLIER"]
[Date "2003.??.??"]
[Round "2.8"]
[White "Dumitrache, Dragos"]
[Black "Parmentier, Xavier"]
[Result "1/2-1/2"]
[WhiteElo "2492"]
[BlackElo "2347"]
[PlyCount "64"]
[EventDate "2003.??.??"]

1. d4 Nf6 2. c4 g6 3. Nc3 d5 4. Nf3 Bg7 5. e3 O-O 6. Be2 c5 7. O-O cxd4 8. exd4
Nc6 9. Re1 Bg4 10. c5 Ne4 11. Be3 e6 12. Nd2 Nxc3 13. bxc3 Bxe2 14. Rxe2 Qa5
15. Qc2 b6 16. Nb3 Qa4 17. Rb1 Qc4 18. Bf4 bxc5 19. Nxc5 Rfc8 20. Rb2 e5 21.
Bxe5 Bxe5 22. Rxe5 Nxe5 23. Rb4 Rxc5 24. Rxc4 Rxc4 25. dxe5 d4 26. e6 Rac8 27.
exf7+ Kf8 28. Qd2 R8c6 29. h4 dxc3 30. Qd7 Rc8 31. Qd6+ Kxf7 32. Qd7+ Kg8
1/2-1/2

[Event "Festival de Montpellier - Masters"]
[Site "MONTPELLIER"]
[Date "2003.??.??"]
[Round "2.9"]
[White "Sermier, Guillaume"]
[Black "Chernuschevich, Alexei"]
[Result "1/2-1/2"]
[WhiteElo "2373"]
[BlackElo "2489"]
[PlyCount "26"]
[EventDate "2003.??.??"]

1. e4 c6 2. d4 d5 3. exd5 cxd5 4. Bd3 Nc6 5. c3 Nf6 6. Bf4 Bg4 7. Ne2 e6 8. Qb3
Bxe2 9. Bxe2 Qc8 10. O-O Be7 11. Nd2 O-O 12. h3 a6 13. a4 Re8 1/2-1/2

[Event "Festival de Montpellier - Masters"]
[Site "MONTPELLIER"]
[Date "2003.??.??"]
[Round "2.10"]
[White "Pujos, Stephane"]
[Black "Miralles, Gilles"]
[Result "0-1"]
[WhiteElo "2338"]
[BlackElo "2463"]
[PlyCount "68"]
[EventDate "2003.??.??"]

1. e4 c6 2. d4 d5 3. exd5 cxd5 4. c4 Nf6 5. Nc3 g6 6. Qb3 Bg7 7. cxd5 O-O 8.
Be2 Nbd7 9. Bf3 Nb6 10. Nge2 Bg4 11. Bxg4 Nxg4 12. a4 a5 13. O-O Qd6 14. Bf4
Qb4 15. Qd1 Rac8 16. Ra3 Qc4 17. d6 exd6 18. Nb5 Qc2 19. Nxd6 Qxd1 20. Rxd1 Rc2
21. Rd2 Rxd2 22. Bxd2 Rd8 23. Nxb7 Re8 24. Kf1 Nc4 25. Rd3 Nxb2 26. Rh3 Nc4 27.
Bc1 h5 28. Nc5 Bf8 29. Bf4 Nb6 30. Rc3 Nd5 31. Rh3 Rxe2 32. Kxe2 Nxf4+ 33. Kf3
Nxh3 34. gxh3 Nf6 0-1

[Event "Festival de Montpellier - Masters"]
[Site "MONTPELLIER"]
[Date "2003.??.??"]
[Round "2.11"]
[White "Libiszewski, Fabien"]
[Black "Giffard, Nicolas"]
[Result "1-0"]
[WhiteElo "2458"]
[BlackElo "2336"]
[PlyCount "71"]
[EventDate "2003.??.??"]

1. e4 c6 2. d4 g6 3. Nc3 d6 4. Be3 Bg7 5. Qd2 Nf6 6. Nf3 Nbd7 7. Bh6 O-O 8.
O-O-O Qa5 9. Kb1 Bxh6 10. Qxh6 Qh5 11. Qd2 b5 12. Bd3 b4 13. Ne2 Qa5 14. Qh6
Re8 15. Ng5 Nf8 16. f3 Be6 17. b3 Kh8 18. Nf4 Ng8 19. Qh4 Kg7 20. Rhe1 Nf6 21.
e5 Nd5 22. Nxd5 cxd5 23. f4 Qb6 24. g4 f6 25. Nf3 Bd7 26. f5 dxe5 27. dxe5 fxe5
28. Nxe5 Rad8 29. fxg6 hxg6 30. g5 Bf5 31. Qh6+ Kg8 32. Bxf5 gxf5 33. g6 Qf6
34. Nf7 Rd7 35. Qh5 Ne6 36. Nh6+ 1-0